000 00637nam a22002177a 4500
999 _c26463
_d26463
003 OSt
005 20210802103227.0
008 170329b xxu||||| |||| 00| 0 eng d
020 _a9781437709445
040 _aMMU
_beng
_cMMU
_dMMU
050 _aRT86.3 .A76 2011
100 _aArnold Elizabeth C.
245 _aInterpersonal relationships :
_bprofessional communication skills for nurses /
_cElizabeth C. Arnold
250 _a6th ed.
260 _aMissouri :
_bSaunders,
_c2011
300 _a547 p.:
_bill.;
500 _aIncludes index.
650 _aCommunications
700 _aBoggs Underma Kathleen
942 _2lcc
_cLOAN LOAN